Normal view
MARC view
Entry Personal Name
001 - CONTROL NUMBER
- control field: 1135917
003 - CONTROL NUMBER IDENTIFIER
- control field: OSt
005 - DATE AND TIME OF LATEST TRANSACTION
- control field: 20260320201800.0
008 - FIXED-LENGTH DATA ELEMENTS
- fixed length control field: 260320|| aca||aabn | a|a d
040 ## - CATALOGING SOURCE
- Original cataloging agency: OSt
- Transcribing agency: OSt
100 ## - HEADING--PERSONAL NAME
- Personal name: Dantas
670 ## - SOURCE DATA FOUND
- Source citation: Work cat.: (OSt)1723504: Dantas, Architecting Google Cloud Solutions: Learn to design robust and future-proof solutions with Google Cloud technologies
